Roger Ebert Quotes - Statistics

General Stats
  • This quiz has been taken 8 times
  • The average score is 2 of 15
Answer Stats
Quote Movie % Correct
"Now that we know Quentin Tarantino can make a movie like _________ ____, it's time for him to move on and make a better one." Reservoir Dogs
86%
"Watching ______, I felt sort of the same as when I saw Star Wars in 1977." Avatar
43%
"This movie doesn’t scrape the bottom of the barrel. This movie isn’t the bottom of the barrel. This movie isn’t below the bottom of the barrel. This movie doesn’t deserve to be mentioned in the same sentence with barrels." Freddy Got Fingered
43%
"I hated this movie. Hated hated hated hated hated this movie." North
29%
"Rarely has a movie this expensive provided so many quotable lines." Ghostbusters
14%
"Kids are not stupid. They are among the sharpest, cleverest, most eagle-eyed creatures on God's Earth, and very little escapes their notice." Willy Wonka and the Chocolate Factory
14%
"Why did they give an R rating to a movie perfect for teenagers?" Almost Famous
0%
"No matter what they're charging to get in, it's worth more to get out." Armageddon
0%
"I missed the enormously popular movie that introduced these characters...and felt myself blessed at the time. But now I'm not so sure." Bill & Ted's Bogus Journey
0%
"Films like _____ are why I love the movies." Fargo
0%
"It employs depression as a substitute for personality, and believes that if the characters are bitter and morose enough, we won't notice how dull they are." Gladiator
0%
"Call me hardhearted, call me cynical, but please don't call me if they make ____ _____ 3" Home Alone 2: Lost in New York
0%
"It's the kind of movie home video was invented for: Not worth the trip to the theater, but slam it into the VCR and you get your rental's worth." My Cousin Vinny
0%
"In the twilight of the 20th century, here is a comedy to reassure us that there is hope — that the world we see around us represents progress, not decay." Pleasantville
0%
"I am required to award stars to movies I review. This time, I refuse to do it. The star rating system is unsuited to this film. Is the movie good? Is it bad? Does it matter? It is what it is and occupies a world where the stars don't shine." The Human Centipede
0%
No matching quizzes found
Score Distribution
Percent of People with Each Score
Percentile by Number Answered
Your Score History
You have not taken this quiz